Development in the age of liberalization: Egypt and Mexico (Record no. 380873)

000 -LEADER
fixed length control field 00433cam a22001337a 4500
008 - FIXED-LENGTH DATA ELEMENTS--GENERAL INFORMATION
fixed length control field 180718b1996 xxu||||| |||| 00| 0 eng d
082 ## - DEWEY DECIMAL CLASSIFICATION NUMBER
Classification number T19 T784
245 ## - TITLE STATEMENT
Title Development in the age of liberalization: Egypt and Mexico
Statement of responsibility, etc. edited by Dan Tschirgi
260 ## - PUBLICATION, DISTRIBUTION, ETC.
Place of publication, distribution, etc. Cairo
Name of publisher, distributor, etc. American Univ. in Cairo Press
Date of publication, distribution, etc. 1996
300 ## - PHYSICAL DESCRIPTION
Extent 308p.
650 ## - SUBJECT ADDED ENTRY--TOPICAL TERM
Topical term or geographic name entry element Mexico - Economic conditions
650 ## - SUBJECT ADDED ENTRY--TOPICAL TERM
Topical term or geographic name entry element Egypt - Economic conditions
700 ## - ADDED ENTRY--PERSONAL NAME
Personal name Tschirgi, Dan
Holdings
Withdrawn status Lost status Damaged status Not for loan Permanent Location Current Location Date acquired Full call number Barcode Date last seen Price effective from Koha item type
        Indian Institute of Public Administration Indian Institute of Public Administration 1997-02-03 T19 T784 71863 2018-07-21 2018-07-21 Book

Powered by Koha